000 00395 a2200133 4500
005 20250626135217.0
020 _a978-019-912962-1
082 _a001.42 FLA
100 _aFLANAGAN, C .
245 _aResearch Methods Companion: for A Level Psychology
260 _aNew York,
_bOxford University Press,
_c2012.
300 _a159p.: ill.; picture,
_bglossary & references,
_c27cm.
942 _2ddc
_cBKS
999 _c5372
_d5372